Normal view
MARC view
- DE-MTS-36
Entry Topical Term
001 - CONTROL NUMBER
- control field: 71731
003 - CONTROL NUMBER IDENTIFIER
- control field: NUST
005 - DATE AND TIME OF LATEST TRANSACTION
- control field: 20210628204655.0
008 - FIXED-LENGTH DATA ELEMENTS
- fixed length control field: 210628|| aca||aabn | a|a d
040 ## - CATALOGING SOURCE
- Original cataloging agency: NUST
- Transcribing agency: NUST
150 ## - HEADING--TOPICAL TERM
- Topical term or geographic name entry element: DE-MTS-36
670 ## - SOURCE DATA FOUND
- Source citation: Work cat.: (NUST): Jawad Mehmood M.Daud Malik Habib-ur-Rehman Hafiz Zulqurnain 71730, PR-SOF-1669-DESIGN AND ANALYSIS OF STEWART PLATFORM- [6 DOF PARALLEL MANIPULATOR], 2018
